00738cam a2200193 a 450000100060000000300080000600500170001400800410003103500190007204000270009104100080011808200190012610000250014524502710017026000380044130000210047960000340050065000100053432173BD-RjUL20211209051810.0140424s1975 tu 000 0 eng d a(BD-RjUL)32262 aCUYcCUYdBD-RjULbeng aeng a297bISA 19751 aIsık, Huseyin Hilmi10aAnswer to an enemy of Islam :bthis is the refutation of the lies and slanders which a man of no madhhab named Rashīd Ridā of Egypt, who appeared in disguise of a religious man, wrote against Islamic savants in his book Muhāwarāt /cby Hüseyn Hilmi Işik. aIstanbul :bIsik Kitabevi,c1975. a128 p. ;c17 cm.00aMuḥammad Rashīd Riḍā. 0aIslam